000 01533nam a22003377a 4500
003 OSt
005 20250911173639.0
008 240206b ||||| |||| 00| 0 eng d
040 _c0
082 _aDPer 621.381 In821 April 2022 v. 37 n. 4
100 _aWang, Yuangang
_eauthor.
_951551
245 _a2.41 kV vertical P-Nio/n-Ga₂O₃ heterojunction diodes with a record baliga's figure-of-merit of 5.18 GW/cm² /
_cYuangang Wang, Hehe Gong, Yuanjie Lv, Xingchang Fu, Shaobo Dun, Tingting Han, Hongyu Liu, Xingye Zhou, Shixiong Liang, Jiandong Ye, Rong Zhang, Aimin Bu, Shujun Cai, and Zhihong Feng.
260 _aNew York ;
_bThe Institute of Electrical and Electronics Engineers, Inc. ,
_cApril 2022.
300 _aVolume 37, pages 3743-3746 :
_billustration ;
_c28 cm.
500 _aIEEE Transactions on Power Electronics, vol. 37, no. 4, pages 3743-3746, April 2022.
700 _aWang, Yuangang
_eauthor.
_951551
700 _aGong, Hehe.
_eauthor.
_951552
700 _aLv, Yuanjie.
_eauthor.
_951553
700 _aFu, Xingchang.
_eauthor.
_951554
700 _aDun, Shaobo.
_eauthor.
_951555
700 _aHan, Tingting.
_eauthor.
_951556
700 _aLiu, Hongyu.
_eauthor.
_951557
700 _aZhou, Xingye.
_eauthor.
_951558
700 _aLiang, Shixiong.
_eauthor.
_951559
700 _aYe, Jiandong.
_eauthor.
_951560
700 _aZhang, Rong.
_eauthor.
_951561
700 _aBu, Aimin.
_eauthor.
_951562
700 _aCai, Shujun.
_eauthor.
_951563
700 _aFeng, Zhihong.
_eauthor.
_951564
942 _2ddc
_cPER
999 _c18943
_d18943